000 00598nam a2200181Ia 4500
008 090124s9999 xx 000 0 und d
082 _b31919
100 _aरामाणी पी. एस.
245 _a नाते माणुसकीचे
250 _a1
260 _b"नयना पब्लिकेशन , ठाणे 2"
_c1994
300 _a107
600 _aरामाणी पी. एस.
630 _a नाते माणुसकीचे
700 _aरामाणी पी. एस.
730 _a नाते माणुसकीचे
942 _cBOOK
999 _c97707
_d97707